| 000 | 00568nam a2200181 4500 | ||
|---|---|---|---|
| 003 | CO-ViMGA | ||
| 020 | _a978-958-8826-18-9 | ||
| 040 |
_aCO-ViMGA _bspa _cCO-ViMGA |
||
| 082 | 0 | 4 |
_a822.33 _bS31r |
| 100 | 1 |
_aShakespeare, William, _d1564-1616 _93749 |
|
| 245 | 1 | 0 |
_aEl Rey Lear / _cWilliam Shakespeare |
| 260 |
_aBogotá : _bMundo Litográfico, _c2014 |
||
| 300 |
_a95 p. : il. ; _b22 cm |
||
| 490 |
_aColección obras literarias universales ; _v13 |
||
| 500 | _aContiene datos biográficos del autor | ||
| 650 | 1 | 4 |
_aTeatro inglés _ySiglo XXI _97775 |
| 942 |
_2ddc _cBK |
||
| 999 |
_c37788 _d37788 |
||